馬可福音 Make fu yin = Mark {ch} / (Record no. 40344)
[ view plain ]
| 000 -LEADER | |
|---|---|
| fixed length control field | 00893cam a2200277Ka 4500 |
| 001 - CONTROL NUMBER | |
| control field | 027934 |
| 003 - CONTROL NUMBER IDENTIFIER | |
| control field | OSt |
| 005 - DATE AND TIME OF LATEST TRANSACTION | |
| control field | 20201201090347.0 |
| 008 - FIXED-LENGTH DATA ELEMENTS--GENERAL INFORMATION | |
| fixed length control field | 110811m20112016cc b 000 0 chi d |
| 020 ## - INTERNATIONAL STANDARD BOOK NUMBER | |
| International Standard Book Number | 9789622088825 (v. 1) |
| 020 ## - INTERNATIONAL STANDARD BOOK NUMBER | |
| International Standard Book Number | 9622088821 (v. 1) |
| 020 ## - INTERNATIONAL STANDARD BOOK NUMBER | |
| International Standard Book Number | 9622089321 (v. 2) |
| 020 ## - INTERNATIONAL STANDARD BOOK NUMBER | |
| International Standard Book Number | 9789622089327 (v. 2) |
| 066 ## - CHARACTER SETS PRESENT | |
| Alternate G0 or G1 character set | $1 |
| 100 1# - MAIN ENTRY--PERSONAL NAME | |
| Personal name | 葉雅蓮 Ye, Yalian. |
| 9 (RLIN) | 4988 |
| 245 10 - TITLE STATEMENT | |
| Title | 馬可福音 Make fu yin = Mark {ch} / |
| Statement of responsibility, etc | Ye Yalian zhu. |
| 246 1# - VARYING FORM OF TITLE | |
| Display text | Colophon title also in English: |
| Title proper/short title | Mark. |
| 250 ## - EDITION STATEMENT | |
| Edition statement | Chu ban. |
| 260 ## - PUBLICATION, DISTRIBUTION, ETC. (IMPRINT) | |
| Place of publication, distribution, etc | Xianggang : |
| Name of publisher, distributor, etc | Tian dao shu lou you xian gong si, |
| Date of publication, distribution, etc | 2011-2016 |
| 300 ## - PHYSICAL DESCRIPTION | |
| Extent | 2 v. ; |
| Dimensions | 22 cm. |
| 490 ## - SERIES STATEMENT | |
| Series statement | Tian dao sheng jing zhu shi |
| -- | 天道聖經註釋 = Tien Dao Bible commentary |
| 504 ## - BIBLIOGRAPHY, ETC. NOTE | |
| Bibliography, etc | Includes bibliographical references. |
| 630 00 - SUBJECT ADDED ENTRY--UNIFORM TITLE | |
| 9 (RLIN) | 2973 |
| Uniform title | Bible. |
| Name of part/section of a work | Mark |
| Form subdivision | Commentaries {ch}. |
| 700 ## - ADDED ENTRY--PERSONAL NAME | |
| Personal name | Wang, Emily Y. |
| 942 ## - ADDED ENTRY ELEMENTS (KOHA) | |
| Source of classification or shelving scheme | Library of Congress Classification |
| Item type | Books |
| Koha issues (borrowed), all copies | 3 |
| Withdrawn status | Lost status | Source of classification or shelving scheme | Damaged status | Not for loan | Home library | Current library | Shelving location | Date acquired | Source of acquisition | Serial Enumeration / chronology | Inventory number | Total Checkouts | Full call number | Barcode | Date last seen | Price effective from | Koha item type | Total Renewals | Checked out | Date last borrowed |
|---|---|---|---|---|---|---|---|---|---|---|---|---|---|---|---|---|---|---|---|---|
| Library of Congress Classification | BSOP Library | BSOP Library | Reference Chinese | 11/21/2016 | v. II | C-14877 | BS498.C5 T44 Mark | 00051177 | 11/21/2016 | 11/21/2016 | Books | |||||||||
| Library of Congress Classification | BSOP Library | BSOP Library | Chinese Books (General Circulation) | 11/21/2016 | v. II | C-14878 | 3 | BS498.C5 T44 Mark | 00051178 | 12/01/2020 | 11/21/2016 | Books | 1 | 07/29/2021 | 12/01/2020 |
